[Event "Rio de Janeiro-ch Carioca"]
[Site "Rio de Janeiro"]
[Date "1986.06.03"]
[Round "7"]
[White "Caiafa, Dijalma Baptista"]
[Black "De Lima, Zelmo Rodrigues"]
[Result "1/2-1/2"]
[WhiteElo "1844"]
[BlackElo "1584"]
[PlyCount "37"]
[EventDate "1986.05.17"]
[EventType "swiss"]
[EventRounds "9"]
[EventCountry "BRA"]
[SourceTitle "EXT 2007"]
[Source "ChessBase"]
[SourceDate "2006.11.23"]
[SourceVersion "1"]
[SourceVersionDate "2006.11.23"]
[SourceQuality "1"]

1. Nf3 Nf6 2. c4 d6 3. g3 g6 4. Bg2 Bg7 5. 0-0 0-0 6. d4 Nbd7 7. Nc3 e5 8. e4 Ne8 9. dxe5 dxe5 10. Be3 c6 11. Qd2 Qc7 12. Nh4 f5 13. f4 Nd6 14. Qd3 exf4 15. Bxf4 Ne5 16. Qe2 Be6 17. c5 Nxe4 18. Nxe4 fxe4 19. Bxe4 1/2-1/2

[Event "Rio de Janeiro-ch Carioca"]
[Site "Rio de Janeiro"]
[Date "1986.05.20"]
[Round "2"]
[White "Rios Filho, Hilton Carlos da Si"]
[Black "Caiafa, Dijalma Baptista"]
[Result "1-0"]
[WhiteElo "2051"]
[BlackElo "1844"]
[PlyCount "67"]
[EventDate "1986.05.17"]
[EventType "swiss"]
[EventRounds "9"]
[EventCountry "BRA"]
[SourceTitle "EXT 2007"]
[Source "ChessBase"]
[SourceDate "2006.11.23"]
[SourceVersion "1"]
[SourceVersionDate "2006.11.23"]
[SourceQuality "1"]

1. d4 Nf6 2. c4 g6 3. Nc3 Bg7 4. Nf3 0-0 5. e4 d6 6. Be3 e5 7. dxe5 dxe5 8. Qxd8 Rxd8 9. Nd5 Nxd5 10. cxd5 c6 11. Bc4 cxd5 12. Bxd5 Nc6 13. Bxc6 bxc6 14. Rc1 Be6 15. b3 a5 16. Ng5 Bd7 17. Ke2 Bf8 18. Rhd1 Be8 19. Rxd8 Rxd8 20. Rc4 Bb4 21. Bc5 Rb8 22. Nf3 f6 23. Bxb4 axb4 24. Ne1 Ra8 25. Rc1 c5 26. Ke3 Ra3 27. Nd3 c4 28. bxc4 b3 29. axb3 Rxb3 30. Kd2 Kf8 31. Rc3 Rb1 32. Rc1 Rb3 33. Kc2 Ra3 34. Nb4 1-0

[Event "Rio de Janeiro-ch Carioca"]
[Site "Rio de Janeiro"]
[Date "1986.05.17"]
[Round "1"]
[White "Caiafa, Dijalma Baptista"]
[Black "Toth, Christian Endre"]
[Result "1/2-1/2"]
[WhiteElo "1844"]
[BlackElo "2112"]
[PlyCount "59"]
[EventDate "1986.05.17"]
[EventType "swiss"]
[EventRounds "9"]
[EventCountry "BRA"]
[SourceTitle "EXT 2007"]
[Source "ChessBase"]
[SourceDate "2006.11.23"]
[SourceVersion "1"]
[SourceVersionDate "2006.11.23"]
[SourceQuality "1"]

1. Nf3 c5 2. c4 Nf6 3. Nc3 g6 4. g3 b6 5. Bg2 Bb7 6. 0-0 Bg7 7. d3 0-0 8. Bd2 e6 9. a3 d5 10. cxd5 exd5 11. d4 Nbd7 12. Bf4 a6 13. dxc5 Nxc5 14. Be5 Re8 15. e3 Qe7 16. Bd4 Qd6 17. Rc1 Rad8 18. b4 Nce4 19. Na4 b5 20. Nc5 Bc8 21. h3 g5 22. Nd2 Nxd2 23. Qxd2 Ne4 24. Qb2 Bxd4 25. Qxd4 Qh6 26. Rfd1 Nxc5 27. Rxc5 Bxh3 28. Bxh3 Qxh3 29. Rxd5 Rxd5 30. Qxd5 1/2-1/2